000 00381nam a2200169Ia 4500
001 15581
003 IN-NITTTR
005 20251114233147.0
008 251113s9999||||xx |||||||||||||| ||eng||
040 _beng
040 _cIN-NITTTR
041 _aeng
082 _a891.433 J776R
100 _aJoshi, Elachandra
245 0 _aRituchakra. /
_cJoshi, Elachandra
942 _2ddc
_cBK
999 _c18215
_d18215